000 00973nam a22002537a 4500
008 130821s2007 enka gr eng
020 _a9781412921909
020 _a9781412921916
040 _aCo-BoUCM
_bspa
041 0 0 _aeng
100 1 _aRose, Gillian.
_9171963
245 1 0 _aVisual methodologies an introduction to the interpretation of visual materials
_cGillian Rose.
250 _a2a. Ed.
260 _aLondres (Inglaterra)
_bSAGE Publications
_c2007
300 _axvi, 287 páginas
_bilustraciones
504 _aIncluye referencias bibliográficas e índice.
650 0 4 _aComunicación visual
_911390
650 0 4 _aMedios de comunicación de masas
_919235
650 0 4 _aSociología
_9386
856 4 1 _3contenidoly
_uhttp://www.loc.gov/catdir/toc/fy0708/2006927695.html
856 4 2 _3Publicador
_uhttp://www.loc.gov/catdir/enhancements/fy0657/2006927695-d.html
942 _cLIBRO
_a5
_e2
_mR795v
_2DEWEY
_h302.222
999 _c92613
_d92613